| 000 | 02394cam a2200577 i 4500 | ||
|---|---|---|---|
| 999 |
_c233 _d233 |
||
| 001 | 20008559 | ||
| 003 | GZU | ||
| 005 | 20200715122112.0 | ||
| 008 | 170919s2018 cauad b 001 0 eng d | ||
| 010 | _a 2017955554 | ||
| 015 |
_aGBB866528 _2bnb |
||
| 016 | 7 |
_a018829329 _2Uk |
|
| 020 |
_a9781526445179 _q(hardback ; _qv. 1) |
||
| 020 |
_a1526445174 _q(hardback ; _qv. 1) |
||
| 020 |
_a9781526445186 _q(hardback ; _qv. 2) |
||
| 020 |
_a1526445182 _q(hardback ; _qv. 2) |
||
| 020 |
_a9781526445193 _q(hardback ; _qv. 3) |
||
| 020 |
_a1526445190 _q(hardback ; _qv. 3) |
||
| 020 |
_a9781473948310 _q(3 volumes set) |
||
| 020 |
_a1473948312 _q(3 volumes set) |
||
| 020 | _z9781526455659 (ePub ebook) | ||
| 035 | _a(OCoLC)on1042328279 | ||
| 040 |
_aRAU _beng _cRAU _erda _dRAU _dOCLCF _dSINLB _dOCLCA _dNDD _dGRG _dUIU _dYDX _dCHVBK _dUKMGB _dDLC |
||
| 042 | _alccopycat | ||
| 050 | 0 | 0 |
_aBF698 _b.SAG 2018 |
| 245 | 0 | 4 |
_aThe SAGE handbook of personality and individual differences / _cedited by Virgil Zeigler-Hill and Todd K. Shackelford. |
| 246 | 3 | _aHandbook of personality and individual differences | |
| 246 | 3 | _aPersonality and individual differences | |
| 264 | 1 |
_aLos Angeles : _bSAGE Publications, _c[2018] |
|
| 300 |
_a3 volumes : _billustrations, tables, graphs, charts ; _c26 cm |
||
| 336 |
_atext _btxt _2rdacontent |
||
| 336 |
_astill image _bsti _2rdacontent |
||
| 337 |
_aunmediated _bn _2rdamedia |
||
| 338 |
_avolume _bnc _2rdacarrier |
||
| 500 | _a"Sage reference". | ||
| 500 | _aVolume and set information from publisher's website. | ||
| 504 | _aIncludes bibliographical references and index. | ||
| 505 | 0 | _aVolume [1]. The science of personality and individual differences -- Volume [2]. Origins of personality and individual differences -- Volume [3]. Applications of personality and individual differences. | |
| 650 | 0 | _aPersonality. | |
| 650 | 0 | _aIndividuality. | |
| 650 | 7 |
_aIndividuality. _2fast _0(OCoLC)fst00970343 |
|
| 650 | 7 |
_aPersonality. _2fast _0(OCoLC)fst01058667 |
|
| 655 | 7 |
_aHandbooks and manuals. _2lcgft |
|
| 700 | 1 |
_aZeigler-Hill, Virgil, _eeditor. |
|
| 700 | 1 |
_aShackelford, Todd K. _q(Todd Kennedy), _d1971- _eeditor. |
|
| 776 | 0 | 8 |
_iebook version : _z9781526455659 |
| 906 |
_a7 _bcbc _ccopycat _d2 _encip _f20 _gy-gencatlg |
||
| 942 |
_2lcc _cBK _h698 _iSAG _kBF |
||